Catálogo

LA POLITICA (Registro nro. 9422)

Detalles MARC
000 -LEADER
fixed length control field 00430nam a2200181 a 4500
001 - CONTROL NUMBER
control field 9422
005 - DATE AND TIME OF LATEST TRANSACTION
control field 20180713193419.0
008 - FIXED-LENGTH DATA ELEMENTS--GENERAL INFORMATION
fixed length control field 140415s1993 mx 000 0 spa d
041 ## - LANGUAGE CODE
Language code of text/sound track or separate title spa
082 ## - DEWEY DECIMAL CLASSIFICATION NUMBER
Classification number 320.01
Item number ARI
100 1# - MAIN ENTRY--PERSONAL NAME
Personal name Aristotle,.
245 13 - TITLE STATEMENT
Title LA POLITICA
250 ## - EDITION STATEMENT
Edition statement 1a ed.
260 ## - PUBLICATION, DISTRIBUTION, ETC.
Place of publication, distribution, etc. MEXICO :
Name of publisher, distributor, etc. ESPASA-CALPE MEXICANA,
Date of publication, distribution, etc. 1993
300 ## - PHYSICAL DESCRIPTION
Extent 246
490 ## - SERIES STATEMENT
Series statement AUSTRAL
Volume/sequential designation 239
650 14 - SUBJECT ADDED ENTRY--TOPICAL TERM
Topical term or geographic name entry element POLITICA
Existencias
Withdrawn status Lost status Source of classification or shelving scheme Damaged status Not for loan Home library Current library Shelving location Date acquired Source of acquisition Total Checkouts Full call number Barcode Date last seen Date last checked out Price effective from Koha item type Collection code Inventory number
Descarte   Dewey Decimal Classification     Biblioteca Karol Wojtyla Biblioteca Karol Wojtyla   03/12/2013 Compra   320.01 ARI 23693 05/07/2014 05/07/2014 27/08/2014 Libro    
    Dewey Decimal Classification     Biblioteca Karol Wojtyla Biblioteca Karol Wojtyla Sala general 03/12/2013 Compra 3 320.01 ARI 42645 20/02/2026 11/09/2023 03/12/2013 Libro General 151000000000000000052858
Descarte   Dewey Decimal Classification     Biblioteca Karol Wojtyla Biblioteca Karol Wojtyla   03/12/2013 Compra   320.01 ARI 23694     03/12/2013 Libro